|
|
|
|
| LEADER |
00000nam0a2200000 4500 |
| 001 |
247588 |
| 005 |
20231101232318.0 |
| 010 |
|
|
|a 5742000189
|
| 035 |
|
|
|a (RuTPU)RU\TPU\book\269148
|
| 090 |
|
|
|a 247588
|
| 100 |
|
|
|a 20140110d1988 km y0rusy50 ca
|
| 101 |
0 |
|
|a rus
|
| 102 |
|
|
|a RU
|
| 105 |
|
|
|a a z 001zy
|
| 200 |
1 |
|
|a Гибкие производственные системы и типизация в машиностроении
|f Н. Д. Крюковских
|
| 210 |
|
|
|a Горький
|c Волго-Вятское кн. изд-во
|d 1988
|
| 215 |
|
|
|a 191 с.
|c ил.
|
| 225 |
1 |
|
|a Экономика научно-технического прогресса
|
| 320 |
|
|
|a Библиогр.: с. 189-190.
|
| 606 |
1 |
|
|a Машиностроительные заводы
|2 stltpush
|3 (RuTPU)RU\TPU\subj\41600
|9 61327
|
| 610 |
1 |
|
|a гибкие производственные системы
|
| 610 |
1 |
|
|a машиностроение
|
| 610 |
1 |
|
|a ГПС
|
| 610 |
1 |
|
|a создание
|
| 610 |
1 |
|
|a типизация
|
| 610 |
1 |
|
|a технологические параметры
|
| 610 |
1 |
|
|a классификация
|
| 675 |
|
|
|a 621.002:658.52.011.56
|v 3
|
| 700 |
|
1 |
|a Крюковских
|b Н. Д.
|g Николай Дмитриевич
|
| 801 |
|
1 |
|a RU
|b 63413507
|c 20140110
|
| 801 |
|
2 |
|a RU
|b 63413507
|c 20140418
|g RCR
|
| 942 |
|
|
|c BK
|